000 00394 a2200157 4500
001 192859
020 _a978-85-7208-286-0
040 _cMagnum
100 _aBatista, Marcia
240 1 0 _aProcurando assombração e outras histórias
_lpor
245 1 0 _aProcurando assombração e outras histórias
300 _a85
362 0 _a2009
697 _aLITERATURA INFANTO-JUVENIL
942 _cBK
999 _c192859
_d192859